| 000 | 00919nam a2200253 i 4500 | ||
|---|---|---|---|
| 001 | 163492 | ||
| 003 | ES-MaACL | ||
| 005 | 20250727062617.0 | ||
| 008 | 050713s1899 fr | |||||||| ||fre d | ||
| 040 |
_aCAM _bspa _cCAM |
||
| 100 | 1 |
_aRichard, Gaston. _996905 |
|
| 245 | 1 | 3 |
_aLe socialisme et la science sociale / _cpar Gaston Richard. |
| 250 | _a2e éd. rev. | ||
| 260 |
_aParis : _bFélix Alcan éditeur, _c1899 ( _eTours : _fImp. E. Arrault et c\pie\s) |
||
| 300 |
_a208, II p. ; _c18 cm. |
||
| 490 | 1 | _aBibliothèque de philosophie contemporaine | |
| 596 | _aEl imp. consta en las II p. de publicidad editorial. | ||
| 598 | _aLa serie consta en la cub. original. | ||
| 650 | 7 |
_aSocialismo _2embne _917147 |
|
| 752 |
_aFrancia - _dParís |
||
| 830 | 0 |
_aBibliothèque de philosophie contemporaine _9181027 |
|
| 852 |
_aES-MaACL _jF-11724 _z-- Enc. hol. conservando la original |
||
| 999 |
_c163492 _d163492 |
||